| 000 | 00442cam a2200181ua 4500 | ||
|---|---|---|---|
| 020 | _c8.50 | ||
| 041 |
_aeng _h |
||
| 082 |
_a546 _bLAD/TE |
||
| 100 | _aLadli Mohan, Mitra . | ||
| 245 |
_aText book of inorganic chemistry / _cLadli Mohan Mitra. _hTextual Documents |
||
| 250 |
_a49 / _b. |
||
| 260 |
_aCalcutta : _bGhosh & Co , _c1967. |
||
| 300 | _a712 ; . | ||
| 365 | _a8.50 | ||
| 504 | _a | ||
| 942 | _cBK | ||
| 999 |
_c7548 _d7548 |
||